MARC

LEADER 00000ngm^a2200000^a^4500
001 000570578
005 20251020000000.0
009 20260310132231.481
037 |a Acervo ITESO - Biblioteca 
041 |a ESP 
082 |a 786. 16  |b CAR 
100 |a Carrillo, Oscar  |e (realización) 
245 1 0 |a Ofrenda /  |c Realización de O. Carrillo. 
264 2 |a México :  |b Orco [distribución],  |c 2010, c2010 
300 |a 1 DVD multirregión (53 min.) :  |b color +  |e 1 folleto (24 p.) 
336 |a imagen móvil bidimensional  |b tdi  |2 rdacontenido 
337 |a video  |b v  |2 rdamedio 
338 |a videodisco  |b vd  |2 rdasoporte 
546 |a En español, con subtítulos opcionales: inglés 
649 |a XX 
650 |a Mixes -  |x Condiciones Sociales y Culturales 
650 |a Popolucas -  |x Condiciones Sociales y Culturales 
650 |a Tarascos -  |x Condiciones Sociales y Culturales 
650 |a Indígenas de México -  |x Condiciones Sociales y Culturales 
650 |a Banda de Música Tradicional -  |z México 
650 |a Ritos Funerarios -  |z México 
650 |a Ritos Religiosos -  |z México 
650 |a Muerte (En Religión, Folklore, etc.) -  |z México 
650 |a Muerte en la Música -  |z México -  |x Historia y Crítica -  |x Tema Principal 
650 |a Prácticas Culturales -  |z México 
650 |a Identidad Cultural -  |z México 
650 |a Cultura Popular -  |z México 
650 |a Folklore -  |z México 
650 |a Religiosidad Popular -  |z México 
650 |a Huapango -  |x Historia y Crítica 
650 |a Son Jarocho -  |x Historia y Crítica 
650 |a Son -  |x Historia y Crítica 
650 |a Música y Sociedad -  |z México -  |x Historia y Crítica 
650 |a Música Indígena -  |z México -  |x Historia y Crítica 
650 |a Música Popular -  |z México -  |x Historia y Crítica 
650 |a Música Mexicana -  |x Historia y Crítica -  |x Tema Principal 
650 |a Antropología Cultural 
700 |a Enríquez, Gabriela  |e (fotógrafo) 
700 |a Bracho, Miguel  |e (fotógrafo) 
700 |a Enríquez, Gabriela  |e (texto del folleto) 
910 |a Fondo General 
920 |a Audiovisuales - DVDs 
940 |a Películas 
940 |a DVDs y Videos de Música 
905 |a 307 
901 |a 0500401574  |b IT2  |c DVM  |i C136120  |u 20250521 
901 |a 0500401575  |b IT2  |c MIM  |i C136120  |u 20251020 
902 |a https://opac.biblio.iteso.mx/vufind/Record/000570578